LEADER 01601nam 2200361Ia 450 001 996388578503316 005 20221108053942.0 035 $a(CKB)1000000000644021 035 $a(EEBO)2240910549 035 $a(OCoLC)9922881800971 035 $a(EXLCZ)991000000000644021 100 $a20030411d1638 uy 0 101 0 $aeng 135 $aurbn||||a|bb| 200 10$aArticles of enquiry and direction for the diocese of Norwich$b[electronic resource] $ein the first visitation of the reverend father in God, Richard Mountaigu bishop of that diocese, anno Dom. 1638, et translationis suę primo 210 $a[Cambridge $cs.n.$d1638] 215 $a[18] p 300 $aDate and place of publication from STC (2nd ed.). 300 $aTitle page contains printers' device (McK. 264). 300 $aSignatures: A-B⁓, C¹. 300 $aSome text appears to be missing: Bā‚„r catchword "time" does not carry to next page. 300 $a"This Book of Articles, being extremely negligently printed at London, (which impression I disavow) I was forced to review, and have it printed again at Cambridge. R.Norv." -- foot of t.p. 300 $aReproduction of original in: Folger Shakespeare Library. 330 $aeebo-0055 606 $aVisitations, Ecclesiastical$zEngland$vEarly works to 1800 615 0$aVisitations, Ecclesiastical 701 $aMontagu$b Richard$f1577-1641.$01001493 801 0$bEBK 801 1$bEBK 906 $aBOOK 912 $a996388578503316 996 $aArticles of enquiry and direction for the diocese of Norwich$92306129 997 $aUNISA LEADER 01823oam 2200481M 450 001 9910716210303321 005 20200213070533.6 035 $a(CKB)5470000002520026 035 $a(OCoLC)1065844409 035 $a(OCoLC)995470000002520026 035 $a(EXLCZ)995470000002520026 100 $a20071213d1926 ua 0 101 0 $aeng 135 $aurcn||||||||| 181 $ctxt$2rdacontent 182 $cc$2rdamedia 183 $acr$2rdacarrier 200 10$aPatents issued pursuant to decrees of the Court of Private Land Claims. May 26, 1926. -- Committed to the Committee of the Whole House on the State of the Union and ordered to be printed 210 1$a[Washington, D.C.] :$c[U.S. Government Printing Office],$d1926. 215 $a1 online resource (2 pages) 225 1 $aHouse report / 69th Congress, 1st session. House ;$vno. 1311 225 1 $a[United States congressional serial set ] ;$v[serial no. 8534] 300 $aBatch processed record: Metadata reviewed, not verified. Some fields updated by batch processes. 300 $aFDLP item number not assigned. 606 $aLand titles 606 $aMineral lands 606 $aMineral rights 606 $aMining leases 608 $aLegislative materials.$2lcgft 615 0$aLand titles. 615 0$aMineral lands. 615 0$aMineral rights. 615 0$aMining leases. 701 $aMorrow$b John$f1865-1935$pDemocrat (NM)$01389110 801 0$bWYU 801 1$bWYU 801 2$bOCLCO 801 2$bOCLCQ 801 2$bOCLCO 906 $aBOOK 912 $a9910716210303321 996 $aPatents issued pursuant to decrees of the Court of Private Land Claims. May 26, 1926. -- Committed to the Committee of the Whole House on the State of the Union and ordered to be printed$93483424 997 $aUNINA LEADER 00930nas 2200337 c 450 001 9910893708403321 005 20260218112012.0 035 $a(CKB)5280000000201852 035 $a(DE-599)ZDB2848894-5 035 $a(DE-101)1088419615 035 $a(DE-599)2848894-5 035 $a(EXLCZ)995280000000201852 100 $a20160308a20129999 |y | 101 0 $acze 135 $aur||||||||||| 181 $ctxt$2rdacontent 182 $cc$2rdamedia 183 $acr$2rdacarrier 200 00$aClavibus unitis$eCU$fNadace pro de?jiny kultury ve str?edni? Evrope? 210 31$aPraha$cNadace pro de?jiny kultury ve str?edni? Evrope?$d[2012]- 215 $aOnline-Ressource 517 3 $aCU 608 $aZeitschrift$2gnd-content 676 $a300 801 0$b0355 801 1$bDE-101 801 2$b9001 906 $aJOURNAL 912 $a9910893708403321 996 $aClavibus unitis$94269859 997 $aUNINA